000 00774nam a2200217Ii 4500
003 JO-AjNU
008 230605s9999||||xx |||||||||||||| ||und||
017 _a2006/1603
020 _a977-297-267-0
040 _aJO-AjNU
_bara
_erda
_cJO-AjNU
041 _aara
050 1 4 _aHQ525 2006
100 3 _aتاليف: المنشاوي، محمد صديق,
_eauthor
_920067
245 0 0 _aفن التعامل بين الزوجين
264 3 1 _aالقاهرة: دار الفضيلة للنشر والتوزيع، 2006
300 _a128ص
_bيحتوي ببلوغرافية من ص 126-128ص
336 _atext
_btxt
_2rdacontent
337 _aunmediated
_bn
_2rdamedia
338 _avolume
_bnc
_2rdacarrier
650 4 _aالزواج- التعامل بين الزوجين
_920068
999 _aA6736
_c10304
_d10304